Autism awareness and crime : (Record no. 51817)

MARC details
000 -LEADER
fixed length control field 00654nam a2200217Ia 4500
005 - DATE AND TIME OF LATEST TRANSACTION
control field 20260429112010.0
008 - FIXED-LENGTH DATA ELEMENTS--GENERAL INFORMATION
fixed length control field 260429s9999||||xx |||||||||||||| ||und||
020 ## - INTERNATIONAL STANDARD BOOK NUMBER
International Standard Book Number 9781041013785
041 ## - LANGUAGE CODE
Language English
082 ## - DEWEY DECIMAL CLASSIFICATION NUMBER
Classification number 364.38
Item number ALE
100 ## - MAIN ENTRY--PERSONAL NAME
Personal name Alexander-Passe, Neil
245 #0 - TITLE STATEMENT
Title Autism awareness and crime :
Remainder of title investigating the school-to-prison pipeline /
Statement of responsibility, etc Neil Alexander-Passe
250 ## - EDITION STATEMENT
Edition statement 1st ed.
260 ## - PUBLICATION, DISTRIBUTION, ETC. (IMPRINT)
Place of publication, distribution, etc New Delhi :
Name of publisher, distributor, etc Routledge,
Date of publication, distribution, etc 2026.
300 ## - PHYSICAL DESCRIPTION
Extent xviii, 234 p.; pbk
650 ## - SUBJECT ADDED ENTRY--TOPICAL TERM
Topical term or geographic name as entry element Crime and society
650 ## - SUBJECT ADDED ENTRY--TOPICAL TERM
Topical term or geographic name as entry element School-to-prison pipeline
650 ## - SUBJECT ADDED ENTRY--TOPICAL TERM
Topical term or geographic name as entry element Special education
650 ## - SUBJECT ADDED ENTRY--TOPICAL TERM
Topical term or geographic name as entry element Autism spectrum disorders
942 ## - ADDED ENTRY ELEMENTS (KOHA)
Koha item type Text Books
Holdings
Withdrawn status Lost status Damaged status Not for loan Collection code Home library Location Shelving location Date of Cataloging Source of acquisition Total Checkouts Full call number Barcode Date last seen Price effective from Koha item type
        Non-fiction CUTN Central Library CUTN Central Library Social Sciences 29/04/2026 SansRack Publishing Solutions, Chennai - Invoice No. S131/25-26 on 11-02-2026   364.38 ALE 56856 29/04/2026 29/04/2026 Text Books